000 00687nam a22002417a 4500
001 BR7603684
003 BR-BrBNA
005 20230928085039.0
007 ta
008 230509b bl.||||| |||| 00| 0 por d
040 _aBR-BrBNA
_bpor
_cBiblioteca Nacional de Agricultura
041 _a(Por)
072 _aE15
090 _ E15 BR7603684
110 1 _aComissao Coordenadora da Politica Nacional de Credito Rural, Brasilia, DF (Brasil)
_91962
245 1 _aCartilha do fiscal de credito rural
260 3 _aBrasilia, DF (Brasil):
_c[nd].
300 _a95 p.
500 _aPublished after 1976
650 _aCREDITO RURAL
909 _a202309
_bLucia
_c55
_dLucia Elande
942 _cBK
999 _c22547
_d22547